Liebeneiner, Wolfgang

Titel: Liebeneiner, Wolfgang / Matthias Otten
Verfasser:
In: Ostdeutsche Gedenktage, (2005), Seite 187-191
alle Artikel anzeigen
Veröffentlicht: 2006
Umfang: Illustrationen
Format: Aufsatz
Sprache: Deutsch
Schlagworte:
Kein Bild verfügbar
X
alg: 43340904
001A    $03025:06-07-18 
001B    $03025:09-07-18 $t14:03:57.000 
001C    $03025:06-07-18 $t10:51:49.000 
001D    $03025:06-07-18 
001U    $0utf8 
001X    $00 
002@    $0Aou 
002C    $aText $btxt $2rdacontent 
002D    $aohne Hilfsmittel zu benutzen $bn $2rdamedia 
002E    $aBand $bnc $2rdacarrier 
003@    $0433409045 
007A    $0433409045 $aHEB 
010@    $ager 
010E    $erda 
011@    $a2006 
021A    $aLiebeneiner, Wolfgang $hMatthias Otten 
028A    $BVerfasser $4aut $7130649554 $8Otten, Matthias [Tp3] $9160796334 
031A    $h187-191 $j2005 
034M    $aIllustrationen 
039B    $aEnthalten in $8--Abvc--. Ostdeutsche Gedenktage. - Bonn : Kulturstiftung der Vertriebenen, 1965-[2018] $x200500000000000813 $9047761881 
044K    $#Liebeneiner, Wolfgang $#Liebeneiner, W. $#Liebeneiner, Wolfgang Georg Louis $7119072629 $8Liebeneiner, Wolfgang$Z1905-1987 [Tp1] $908741287X 
044K    $RLiebau in Schlesien $#Liebau i. Schlesien $#Liebau Schlesien $74495020-2 $8Lubawka [Tg1] $9089141334 
044K    $RDarstellender Künstler $RSchauspielerin $#Actors $#Male actors $#Acteurs $#Attori $#Actores $#Schauspieler $#Darsteller Schauspieler $74052154-0 $8Schauspieler [Ts1] $9085145963 
045F    $a709.43850904 $eDDC23BSB 
045F/01 $a709 
045F/03 $f0904 
045F/03 $g4385 
045R    $aGeschichte 1905-1987 
045T    $a8,1 

lok: 43340904 78

exp: 43340904 78 1 #EPN
201B/01 $006-07-18 $t10:47:31.000 
201C/01 $006-07-18 
201U/01 $0utf8 
203@/01 $01024240800 
208@/01 $a06-07-18 $be 
209A/01 $a/ $f000 $x00 
209A/01 $ab*p $x01 
220C/01 $awma 
244Z/01 $#Schlesien $#Schlesien $#Herzogtum Schlesien $#Herzogtum Schlesien Schlesien $#Provinz Schlesien $#Śla̜sk $#Slezsko $#Silesia $74052678-1 $8--Tg1--Schlesien $x02 $9085146781 
247C/01 $82080>Marburg/Lahn, Herder-Institut, Forschungsbibliothek, Bibliographieportal $9336309341
LEADER 00000caa a2200000 c 4500
001 433409045
003 DE-603
005 20180709140357.0
007 tu
008 180706s2006 xx |||| | u00||u|ger c
035 |a (DE-599)HEB433409045 
040 |a DE-603  |b ger  |c DE-603  |d DE-603  |e rda 
041 |a ger 
082 0 4 |8 1\u  |a 709.43850904  |q DE-101  |2 23/BSB 
084 |a 8,1  |2 ssgn 
085 |8 1\u  |b 709 
085 |8 1\u  |z 1  |s 0904 
085 |8 1\u  |z 2  |s 4385 
100 1 |a Otten, Matthias  |e Verfasser  |4 aut  |0 (DE-603)160796334  |0 (DE-588)130649554  |2 gnd 
245 0 0 |a Liebeneiner, Wolfgang  |c Matthias Otten 
264 0 |c 2006 
300 |b Illustrationen 
336 |a Text  |b txt  |2 rdacontent 
337 |a ohne Hilfsmittel zu benutzen  |b n  |2 rdamedia 
338 |a Band  |b nc  |2 rdacarrier 
600 1 7 |a Liebeneiner, Wolfgang  |d 1905-1987  |0 (DE-588)119072629  |0 (DE-603)08741287X  |2 gnd 
648 7 |a Geschichte 1905-1987  |2 gnd 
650 7 |a Schauspieler  |0 (DE-588)4052154-0  |0 (DE-603)085145963  |2 gnd 
651 7 |a Lubawka  |0 (DE-588)4495020-2  |0 (DE-603)089141334  |2 gnd 
773 0 8 |i Enthalten in  |t Ostdeutsche Gedenktage  |d Bonn : Kulturstiftung der Vertriebenen, 1965-[2018]  |g (2005), Seite 187-191  |w (DE-603)047761881  |w (DE-600)521278-9 
924 0 |9 2080  |a (DE-603)1024240800  |b DE-2080  |c HES  |d d  |g /